00591nam a22002057a 450000500170000001000130001702000100003003500130004003700160005304000120006908200170008110000150009824500790011325000130019226000420020527000800024730000330032765000120036065000130037220170124110046.0 aA-372646 c34.00 aA-372646 bCen Lib/Ret aDPLbEN a796.522bGYA aGyan Singh aLure of Everest :cby Gayn Singhbstory of the first indian expendition /  arev. ed. aNew DelhibPublication Divisionc1989 aMinistry of Information and Broadcasting, Govt. Of IndiabNew Delhie110001 axiii,156p. :c20cm(Hb)bill. aSports  aEverest